| 000 | 00715nas a22002651i#4500 | ||
|---|---|---|---|
| 001 | 1605 | ||
| 003 | ES-MaACL | ||
| 005 | 20250217134301.0 | ||
| 007 | t| | ||
| 008 | 950801d18831890fr m|0p | 1 ||re d | ||
| 022 | _a1160-8536 | ||
| 080 | _a44 | ||
| 080 | _a(051) | ||
| 245 | 0 | 0 | _aParis illustré. |
| 246 | 3 | _aParis illustré (Paris. 1883) | |
| 260 |
_aParis : _bA. Lahure : _bL. Baschet, _c1883-[1890] |
||
| 300 |
_av. : _bil., grab. ; _c46 cm. |
||
| 310 | _aMensual | ||
| 362 | 1 | _a1 mai 1883-1890. | |
| 650 | 1 | 4 |
_aRevistas de información general. _916896 |
| 785 | 0 | 4 |
_tFigaro illustré _xISSN 1160-8528 |
| 852 |
_aES-MaACL _jZ-507 _xOlim: Hem-10 |
||
| 866 | 0 | _o1883-89. | |
| 999 |
_c1605 _d1605 |
||